000 00377cam a2200169 4500
001 D12876
008 090401t1952 xxu||||| |||| 00| 0 eng d
035 _a(Sirsi) u6444
041 _aeng
100 _aHaddock, M.H.
245 4 _aThe basis of mine surveying
260 _bChapman & Hall
_c1952
350 _a0
520 _aShelf 181
942 _n0
948 _c04/03/1997
999 _c86304
_d86304